Patterns in plant development (Record no. 23811)

MARC details
000 -LEADER
fixed length control field 00615nam a2200229Ia 4500
082 ## - DEWEY DECIMAL CLASSIFICATION NUMBER
Classification number 581.14
Item number STE
100 ## - MAIN ENTRY--AUTHOR NAME
Personal name STEEVES, Taylor A
245 #0 - TITLE STATEMENT
Title Patterns in plant development
260 ## - PUBLICATION, DISTRIBUTION, ETC. (IMPRINT)
Place of publication New Jersey
Name of publisher Prentice Hall
Year of publication 1972
490 ## - SERIES STATEMENT
Series statement Foundations in development biology series
650 ## - SUBJECT ADDED ENTRY--TOPICAL TERM
Topical Term Embryogenesis
650 ## - SUBJECT ADDED ENTRY--TOPICAL TERM
Topical Term Flowering
650 ## - SUBJECT ADDED ENTRY--TOPICAL TERM
Topical Term Organogenesis
650 ## - SUBJECT ADDED ENTRY--TOPICAL TERM
Topical Term Plant development
650 ## - SUBJECT ADDED ENTRY--TOPICAL TERM
Topical Term Shoot apex
650 ## - SUBJECT ADDED ENTRY--TOPICAL TERM
Topical Term Shoot expansion
650 ## - SUBJECT ADDED ENTRY--TOPICAL TERM
Topical Term Vascular cambium
650 ## - SUBJECT ADDED ENTRY--TOPICAL TERM
Topical Term Vascular plant
700 ## - ADDED ENTRY--PERSONAL NAME
Personal name SUSSEX, Ian M
942 ## - ADDED ENTRY ELEMENTS (KOHA)
Koha item type Books
Holdings
Withdrawn status Lost status Damaged status Not for loan Home library Current library Date acquired Full call number Accession Number Koha item type
        RRII Library RRII Library 16/12/2021 581.14 STE 04506 Books